|
|
|
|
| LEADER |
00000nab a2200000 a 4500 |
| 001 |
vtls010730817 |
| 003 |
SK-MaSNL |
| 005 |
20260304191934.0 |
| 008 |
250709s1968 xo |||||||||||||||||slo| |
| 035 |
|
|
|a (urnnbn)urn:nbn:sk:snk:ar-a0582w
|
| 035 |
|
|
|a (uuid)9afca863-69c0-468d-bdd5-34572ce2c024
|
| 035 |
|
|
|a urn:nbn:sk:snk-ab3ti7
|
| 040 |
|
|
|a SNKBUCL
|b slo
|c SNKBUCL
|e AACR2
|
| 041 |
0 |
|
|a ger
|
| 044 |
|
|
|a xo
|c SK
|
| 100 |
1 |
|
|a Sós, Ágnes Cs.,
|d 1925-1993
|4 aut
|9 1524843
|
| 245 |
1 |
0 |
|a ARCHÄOLOGISCHE ANGABEN ZUR FRAGE DER FRÜHPERIODE DES AWARISCH-SLAWISCHEN ZUSAMMENLEBENS
|c Ágnes Cs. Sós
|
| 773 |
0 |
|
|t Študijné zvesti Archeologického ústavu Slovenskej akadémie vied
|g Roč. 16, č. 16 (1968), s. 221-[231]
|
| 850 |
|
|
|a Slovenská národná knižnica
|
| 852 |
|
|
|a Slovenská národná knižnica
|
| 958 |
|
|
|a article1
|
| 958 |
|
|
|a OND
|
| 958 |
|
|
|a EUIPO
|
| 999 |
|
|
|c 3057504
|d 3059434
|